5HLuxD.jpg

KING HENRY VIII SENIOR AND PRIMARY SCHOOL LIBRARY OPAC

The three students (Record no. 3483)

000 -LEADER
fixed length control field 01178nam a22002297a 4500
005 - DATE AND TIME OF LATEST TRANSACTION
control field 20240129105833.0
008 - FIXED-LENGTH DATA ELEMENTS--GENERAL INFORMATION
fixed length control field 240129b ||||| |||| 00| 0 eng d
020 ## - INTERNATIONAL STANDARD BOOK NUMBER
International Standard Book Number 9781782264187
040 ## - CATALOGING SOURCE
Transcribing agency KH8
082 ## - DEWEY DECIMAL CLASSIFICATION NUMBER
Classification number FIC BAU
100 ## - MAIN ENTRY--PERSONAL NAME
Personal name Baudet, Stephanie
Relator term Author
245 ## - TITLE STATEMENT
Title The three students
Statement of responsibility, etc. Stephanie Baudet
260 ## - PUBLICATION, DISTRIBUTION, ETC.
Place of publication, distribution, etc. Leicester, United Kingdom,
Name of publisher, distributor, etc. Sweet Cherry Publishing,
Date of publication, distribution, etc. 2019
300 ## - PHYSICAL DESCRIPTION
Extent 117, [3] pages :
Other physical details illustrations ;
Dimensions 20 cm.
440 ## - SERIES STATEMENT/ADDED ENTRY--TITLE
Title The Sherlock Holmes children's collection
520 ## - SUMMARY, ETC.
Summary, etc. "Mr. Holmes -- I beg for your assistance. I cannot engage the police. If news of this dreadful scandal were to reash the public, the reputation of this university would be utterly destroyed." A leisurely research trip turns into a race against time when Professor Soames comes to Holmes and Watson with a bizarre mystery. Three students are suspected of cheating. Can Holmes solve the case in time for the examination to go ahead? -- Cover, page [4]
650 ## - SUBJECT ADDED ENTRY--TOPICAL TERM
Topical term or geographic name entry element Cheating (Education)
Form subdivision Juvenile fiction
650 ## - SUBJECT ADDED ENTRY--TOPICAL TERM
Topical term or geographic name entry element Children's stories
650 ## - SUBJECT ADDED ENTRY--TOPICAL TERM
Topical term or geographic name entry element Detective and mystery fiction
700 ## - ADDED ENTRY--PERSONAL NAME
Personal name Arianna Bellucci
Relator term Illustrator
942 ## - ADDED ENTRY ELEMENTS (KOHA)
Source of classification or shelving scheme
Koha item type Books - Fiction
Holdings
Withdrawn status Lost status Source of classification or shelving scheme Damaged status Not for loan Collection code Permanent Location Current Location Shelving location Date acquired Total Checkouts Full call number Barcode Date last seen Date last checked out Price effective from Koha item type
          Fiction KH8 Primary School Library KH8 Primary School Library Fiction 2024-01-29 3 FIC BAU KHPL000004428 2026-01-20 2026-01-13 2024-01-29 Books - Fiction

Powered By KH8 IT Dept